| 000 | 01079cam a22003257a 4500 | ||
|---|---|---|---|
| 003 | CHAP | ||
| 005 | 20220329141724.0 | ||
| 008 | 971013s1985 r 00010 d | ||
| 010 | _a72820 | ||
| 011 | _a73792 | ||
| 035 | _a83350 | ||
| 040 | _cCHAP | ||
| 090 | _aTesis | ||
| 100 | 0 | 0 |
_aAlanis Villarreal, Bertha Laura. _93339 |
| 245 | 1 | 3 |
_aLa política crediticia y la balanza de pagos _b: un modelo macroeconómico |
| 260 |
_aMonterrey, N.L. : _bEl autor, _c1985 |
||
| 300 | _a51 h. | ||
| 502 | _aTesis (Lic. en Economía) -- Univ. Autónoma de Nuevo León. Fac. de Economía | ||
| 590 |
_aALEPH _b10 _c20130110 _lUCH01 _h1414 |
||
| 590 |
_aBATCH-UPD _b10 _c20130110 _lUCH01 _h0950 |
||
| 590 |
_aBATCH-UPD _b10 _c20130410 _lUCH01 _h0604 |
||
| 590 |
_aBATCH-UPD _b10 _c20130914 _lUCH01 _h0527 |
||
| 590 |
_aCONVERSION _b10 _c20130109 _lUCH01 _h1340 |
||
| 650 | 1 | 4 |
_aBalanza de pagos _zMéxico. _99613 |
| 650 | 1 | 4 |
_aCrédito _xMéxico. _929018 |
| 650 | 1 | 4 |
_aPolítica económica _zMéxico. _990535 |
| 901 | _aBK | ||
| 942 | _cTESIS | ||
| 949 |
_bBC _cTES _d-37873 _eTS1 _h18664 _i83350 _si |
||
| 999 |
_c72820 _d72820 |
||